000 00343nam a2200145Ia 4500
008 150301s2015 xx 000 0 und d
082 _a610.7368
_bS15S
100 _aSADOCK, BENJAMIN J.
245 _aSYNOPSISOF PSYCHIATRY
250 _a11TH
260 _bWOLTER KLUWER
_c2015
300 _a1472
650 _aPSYCHIATRY
942 _2ddc
_cBK
_02
999 _c6781
_d6781